|
|
|
|
| LEADER |
01122nam a2200289 a 4500 |
| 001 |
0017260 |
| 003 |
BD-DhAAL |
| 008 |
090709r20011991nyu b 001 0 eng d |
| 010 |
|
|
|a \\\90026095
|
| 020 |
|
|
|a 0312060394
|
| 020 |
|
|
|a 0333934784
|
| 040 |
|
|
|a DLC
|c DLC
|d DLC
|d BD-DhAAL
|
| 082 |
0 |
0 |
|a 801.950941
|2 20
|
| 100 |
1 |
|
|a Blamires, Harry.
|9 58367
|
| 245 |
1 |
2 |
|a A history of literary criticism /
|c Harry Blamires.
|
| 260 |
|
|
|a New York ;
|a New Delhi :
|b Macmillan Press,
|c 1991 [reprinted 2001].
|
| 300 |
|
|
|a x, 412 p. ;
|c 23 cm
|
| 504 |
|
|
|a Includes bibliographical references (p. 381-389) and index.
|
| 526 |
|
|
|a ENH
|
| 541 |
1 |
|
|e 00017260
|a Words N' Pages
|
| 650 |
|
0 |
|a English literature
|x History and criticism
|x Theory, etc.
|9 28278
|
| 650 |
|
0 |
|a Criticism
|z Great Britain
|x History.
|9 58368
|
| 650 |
|
0 |
|a Criticism
|x History.
|
| 852 |
4 |
|
|a Ayesha Abed Library
|c General Stacks
|
| 942 |
|
|
|2 ddc
|c BK
|
| 999 |
|
|
|c 2222
|d 2222
|
| 952 |
|
|
|0 0
|1 0
|2 ddc
|4 0
|6 801_950941000000000_BLA_2001
|7 0
|9 2047
|a BRACUL
|b BRACUL
|c GEN
|d 2009-07-09
|e Words N' Pages
|g 700.00
|l 4
|m 7
|o 801.950941 BLA
|p 3010017260
|r 2025-04-06
|s 2025-03-16
|t 1
|v 1400.00
|w 2009-07-09
|y BK
|